| 000 -LEADER |
| fixed length control field |
00567nam a22001697a 4500 |
| 005 - DATE AND TIME OF LATEST TRANSACTION |
| control field |
20231113100423.0 |
| 008 - FIXED-LENGTH DATA ELEMENTS--GENERAL INFORMATION |
| fixed length control field |
231113s1990 ru ||||| |||| 00| 0 rus d |
| 020 ## - INTERNATIONAL STANDARD BOOK NUMBER |
| International Standard Book Number |
5250007686 |
| 041 ## - LANGUAGE CODE |
| Language code of text/sound track or separate title |
rus |
| 080 ## - UNIVERSAL DECIMAL CLASSIFICATION NUMBER |
| Universal Decimal Classification number |
902/904 Л-25 |
| 100 ## - MAIN ENTRY--PERSONAL NAME |
| Personal name |
Ларичев, В. Е. |
| 9 (RLIN) |
20340 |
| 245 ## - TITLE STATEMENT |
| Title |
Прозрение / |
| Statement of responsibility, etc. |
В.Е. Ларичев. |
| 264 ## - PRODUCTION, PUBLICATION, DISTRIBUTION, MANUFACTURE, AND COPYRIGHT NOTICE |
| Place of production, publication, distribution, manufacture |
Москва : |
| Name of producer, publisher, distributor, manufacturer |
Издательство политической литературы, |
| Date of production, publication, distribution, manufacture, or copyright notice |
1990. |
| 300 ## - PHYSICAL DESCRIPTION |
| Extent |
223 стр.: |
| Other physical details |
илл.; |
| Dimensions |
22 см. |
| 653 ## - INDEX TERM--UNCONTROLLED |
| keyword |
არქეოლოგია |
| 942 ## - ADDED ENTRY ELEMENTS (KOHA) |
| Source of classification or shelving scheme |
|
| Koha item type |
წიგნი |